Archivácia účtovných písomností a záznamov

Zákon o účtovníctve č. 431/2002 Z. z. v znení neskorších predpisov, ktorý stanoví rozsah a spôsob vedenia účtovníctva a jeho preúkaznosti pre všetky PO a FO, ktoré vykonávajú podnikateľskú alebo inú zárobkovú činnosť...Označovanie účtovnej dokumentácie. Ochrana a úschova účtovnej dokumentácie. Plán...

Descrizione completa

Salvato in:
Dettagli Bibliografici
Autore principale: Meluchová, Jitka, 1965-
Natura: Capitolo di libro
Lingua:slovacco
Soggetti:
Tags: Aggiungi Tag
Nessun Tag, puoi essere il primo ad aggiungerne!!

MARC

LEADER 00000nla$a2200000$$$4500
001 0084704
005 20240502071946.6
041 0 |a slo 
044 |a SK 
245 1 0 |a Archivácia účtovných písomností a záznamov  |c Jitka Meluchová 
520 |a Zákon o účtovníctve č. 431/2002 Z. z. v znení neskorších predpisov, ktorý stanoví rozsah a spôsob vedenia účtovníctva a jeho preúkaznosti pre všetky PO a FO, ktoré vykonávajú podnikateľskú alebo inú zárobkovú činnosť...Označovanie účtovnej dokumentácie. Ochrana a úschova účtovnej dokumentácie. Plán úschovy účtovnej dokumentácie. Záverečné ustanovenia. 
610 2 0 |a zákony 
610 2 0 |a účtovníctvo 
610 2 0 |a dokumentácia účtovná 
610 2 0 |a archívy účtovné 
100 1 |a Meluchová, Jitka, 1965-